[Event "IMSA Blitz w 2016"]
[Site "Huai'an CHN"]
[Date "2016.02.28"]
[Round "9.4"]
[White "Tan, Zhongyi"]
[Black "Socko, Monika"]
[Result "1-0"]
[WhiteTitle "WGM"]
[BlackTitle "GM"]
[WhiteElo "2504"]
[BlackElo "2448"]
[WhiteFideId "8603642"]
[BlackFideId "1106619"]
[EventDate "2016.02.28"]

1. d4 Nf6 2. c4 e6 3. g3 c5 4. Nf3 cxd4 5. Nxd4 d5 6. Bg2 e5 7. Nf3 d4 8. O-O
Nc6 9. e3 Be7 10. exd4 exd4 11. Bg5 O-O 12. Nbd2 h6 13. Bf4 Bf5 14. Qb3 Qd7 15.
Ne5 Nxe5 16. Bxe5 Ng4 17. Nf3 Nxe5 18. Nxe5 Qc7 19. Rfe1 Rab8 20. Rad1 Bc5 21.
Bd5 b6 22. Qf3 Be6 23. Bxe6 fxe6 24. Qg4 Rf6 25. Nd3 Qd6 26. Re2 Rbf8 27. Rde1
Re8 28. Re4 a5 29. b3 Kh7 30. f4 Bb4 31. R1e2 Bc3 32. Kg2 a4 33. Re5 axb3 34.
axb3 Qc6+ 35. Qf3 Qd6 36. Qe4+ Kg8 37. f5 Qa3 38. Rxe6 Ref8 39. Rxf6 Rxf6 40.
Qd5+ Kh7 41. Re8 Rf8 42. Rxf8 Qxf8 43. Nf4 Qa3 44. Qd7 Qb2+ 45. Kh3 Qf2 46. f6
Qf1+ 47. Kh4 Qxf4+ 48. gxf4 Kg6 49. Qxg7+ Kf5 50. f7 1-0

[Event "IMSA Blitz w 2016"]
[Site "Huai'an CHN"]
[Date "2016.02.28"]
[Round "9.7"]
[White "Huang, Qian"]
[Black "Dzagnidze, Nana"]
[Result "1-0"]
[WhiteTitle "WGM"]
[BlackTitle "GM"]
[WhiteElo "2450"]
[BlackElo "2529"]
[WhiteFideId "8602689"]
[BlackFideId "13601903"]
[EventDate "2016.02.28"]

1. c4 Nf6 2. Nf3 e6 3. g3 d5 4. Bg2 Be7 5. O-O c5 6. cxd5 exd5 7. d4 Nc6 8. Nc3
Be6 9. Be3 c4 10. b3 cxb3 11. axb3 O-O 12. Bf4 h6 13. Ne5 Nb4 14. Nd3 Qb6 15.
Nxb4 Qxb4 16. Qd3 Rfc8 17. Nb5 Bf5 18. Qxf5 Qxb5 19. e3 a6 20. Rab1 Rc3 21. Be5
Rd8 22. Bxf6 Bxf6 23. b4 Qc4 24. Rfd1 Be7 25. Bf1 Qc7 26. Bg2 g6 27. Qe5 Bf8 28.
Qxc7 Rxc7 29. Rd3 Rc4 30. Rdb3 Be7 31. Bf3 Kf8 32. Be2 Rc2 33. Bd3 Rc7 34. Kf1
Rdc8 35. Ke2 Bd6 36. Kd2 Ke7 37. Be2 f5 38. R1b2 Ke6 39. Ra2 Rc1 40. b5 a5 41.
Rxa5 Rh1 42. h4 Rh2 43. Ke1 Rc1+ 44. Kd2 Rg1 45. Ra7 Rxf2 46. Kd3 Re1 47. Rb2
Bxg3 48. Rxb7 f4 49. exf4 Bxf4 50. Rg7 Rg2 51. b6 Rg3+ 52. Kc2 Rxe2+ 53. Kb1
Rg1+ 54. Ka2 Rxb2+ 55. Kxb2 g5 56. b7 Kf5 57. Rf7+ Ke4 58. Rxf4+ gxf4 59. b8=Q
f3 60. Qe5+ Kd3 61. Qf4 Ke2 62. Qe5+ Kd3 63. Qf4 Ke2 64. Qe5+ Kd3 65. Qxd5 f2
66. Qf3+ 1-0

[Event "IMSA Blitz w 2016"]
[Site "Huai'an CHN"]
[Date "2016.02.28"]
[Round "9.8"]
[White "Harika, Dronavalli"]
[Black "Gunina, Valentina"]
[Result "0-1"]
[WhiteTitle "GM"]
[BlackTitle "GM"]
[WhiteElo "2511"]
[BlackElo "2496"]
[WhiteFideId "5015197"]
[BlackFideId "4167570"]
[EventDate "2016.02.28"]

1. d4 d5 2. c4 c6 3. Nf3 Nf6 4. g3 Bf5 5. Nc3 dxc4 6. Bg2 e6 7. O-O h6 8. Ne5
Be7 9. e4 Bh7 10. Nxc4 O-O 11. Be3 b5 12. Ne5 b4 13. Na4 Bxe4 14. Bxe4 Nxe4 15.
Qc2 Qd5 16. Rac1 c5 17. Qc4 cxd4 18. Qxd5 exd5 19. Bxd4 Bf6 20. Rfd1 Re8 21. Nf3
Nd7 22. Rc7 Bxd4 23. Nxd4 Ndf6 24. Nf5 Re5 25. Ne7+ Kf8 26. Nc6 Re6 27. Nxb4 Ng4
28. Nxd5 Nexf2 29. Rf1 Nh3+ 30. Kg2 Ng5 31. Nac3 Rae8 32. Nf4 Ne3+ 33. Kf2 Nxf1
34. Kxf1 Re1+ 35. Kf2 Rc1 36. Rxa7 Rc2+ 37. Nfe2 Rxb2 38. Ra4 Rc8 39. Ke1 Nf3+
40. Kd1 Rd2+ 41. Kc1 Rxe2 0-1

[Event "IMSA Blitz w 2016"]
[Site "Huai'an CHN"]
[Date "2016.02.28"]
[Round "10.1"]
[White "Ju, Wenjun"]
[Black "Gunina, Valentina"]
[Result "0-1"]
[WhiteTitle "GM"]
[BlackTitle "GM"]
[WhiteElo "2558"]
[BlackElo "2496"]
[WhiteFideId "8603006"]
[BlackFideId "4167570"]
[EventDate "2016.02.28"]

1. b3 e5 2. Bb2 d6 3. e3 Nc6 4. d4 exd4 5. exd4 d5 6. Nf3 Bg4 7. h3 Bh5 8. Be2
Bd6 9. O-O Nge7 10. c4 O-O 11. c5 Bf4 12. g3 Bxf3 13. Bxf3 Bh6 14. Qd3 Qd7 15.
Kg2 Rae8 16. Nc3 f5 17. Rae1 f4 18. Bg4 Qd8 19. Be6+ Kh8 20. Bc1 f3+ 21. Kh2
Bxc1 22. Rxc1 Nb4 23. Qb5 Nec6 24. Bg4 a6 25. Qxb7 Qg5 26. Bd7 Rb8 27. Qxc7 Nxd4
28. Rcd1 Ne2 29. Na4 d4 30. c6 Nd5 31. Qd6 Rbd8 32. h4 Qh5 33. c7 Nxc7 34. Qxc7
Qf7 35. Nc5 Rc8 36. Qd6 Rfd8 37. Qe5 Rxc5 38. Qxc5 Qxd7 39. Rd3 Qg4 40. Qc6 Nf4
41. Qxf3 Qh3+ 42. Kg1 Nxd3 43. Qxd3 Qe6 44. Rd1 Qd6 45. Re1 h6 46. Rd1 Qe6 47.
Kg2 Qd5+ 48. Qf3 Qa5 49. Qe2 Qd5+ 50. Qf3 Qa5 51. a4 Qb4 52. Rd3 Qd6 53. Qe4 Qc5
54. Qf4 Qd5+ 55. Qf3 Qc5 56. Qe4 Qd6 57. Qf5 Qc6+ 58. Qf3 Qc5 59. Qb7 Qd6 60. b4
Qg6 61. Qf3 Qb6 62. Rb3 Qd6 63. Qd3 Qd5+ 64. Qf3 Qd6 65. Qd3 Qd5+ 66. Qf3 Qd6
67. Qd3 Qc6+ 68. Qf3 Qxa4 69. Qd3 Qc6+ 70. Qf3 Qd6 71. Qd3 Rc8 72. Qe4 Rd8 73.
Rb1 d3 74. Rd1 d2 75. Kf1 Qc7 76. Qe3 Qc4+ 77. Qe2 Qxb4 78. Qxa6 Qe4 79. Qb5 Rd5
80. Qb8+ Kh7 0-1

[Event "IMSA Blitz w 2016"]
[Site "Huai'an CHN"]
[Date "2016.02.28"]
[Round "10.2"]
[White "Dzagnidze, Nana"]
[Black "Harika, Dronavalli"]
[Result "0-1"]
[WhiteTitle "GM"]
[BlackTitle "GM"]
[WhiteElo "2529"]
[BlackElo "2511"]
[WhiteFideId "13601903"]
[BlackFideId "5015197"]
[EventDate "2016.02.28"]

1. d4 Nf6 2. c4 g6 3. Nc3 Bg7 4. Nf3 O-O 5. g3 d6 6. Bg2 Nbd7 7. O-O e5 8. b3
Re8 9. e4 exd4 10. Nxd4 Nc5 11. f3 Nfd7 12. Be3 f5 13. b4 Na6 14. a3 Ne5 15. Qb3
c5 16. Ndb5 Be6 17. Nd5 Bxd5 18. cxd5 c4 19. Qc2 Qd7 20. Nd4 fxe4 21. fxe4 Ng4
22. Qe2 Nxe3 23. Qxe3 Nc7 24. Rac1 b5 25. Ne6 Nxe6 26. Bh3 Kh8 27. Bxe6 Qc7 28.
Kg2 Rf8 29. h4 c3 30. h5 Rxf1 31. Rxf1 gxh5 32. Rh1 c2 33. Bf5 h6 34. Qd2 a5 35.
Qc1 axb4 36. Rxh5 Kg8 37. Rxh6 Bxh6 38. Qxh6 Re8 39. Qg6+ Kf8 40. Be6 Rxe6 41.
dxe6 c1=Q 42. Qf6+ Ke8 43. Qg6+ Kf8 44. Qf6+ Kg8 45. e7 Q1c2+ 46. Kh3 Qc8+ 47.
g4 Qd3+ 48. Kh4 Qxe4 49. Qg5+ Kh8 50. Qf6+ Kg8 51. Qg5+ Kh7 52. Qh5+ Kg7 53.
e8=Q Qcxe8 54. Qg5+ Q8g6 0-1

[Event "IMSA Blitz w 2016"]
[Site "Huai'an CHN"]
[Date "2016.02.28"]
[Round "10.3"]
[White "Khotenashvili, Bela"]
[Black "Huang, Qian"]
[Result "1-0"]
[WhiteTitle "GM"]
[BlackTitle "WGM"]
[WhiteElo "2502"]
[BlackElo "2450"]
[WhiteFideId "13602640"]
[BlackFideId "8602689"]
[EventDate "2016.02.28"]

1. d4 d5 2. Nf3 c5 3. g3 Nf6 4. Bg2 e6 5. O-O cxd4 6. Nxd4 Nc6 7. c4 Be7 8. Nc3
O-O 9. cxd5 exd5 10. b3 Qb6 11. Nf3 Be6 12. Bb2 h6 13. Rc1 Rac8 14. Qd3 Rfd8 15.
Rfd1 Nb4 16. Qb1 Nc6 17. e3 Qa5 18. h3 Ba3 19. Na4 Bxb2 20. Qxb2 Ne4 21. Nd4
Nxd4 22. Qxd4 b5 23. Nc5 Nxc5 24. Rxc5 Rxc5 25. Qxc5 Qxa2 26. Qxb5 Qc2 27. Rd4
Qc1+ 28. Kh2 Qc2 29. Kg1 Qc1+ 30. Qf1 Qc2 31. b4 Rb8 32. Qa1 Qc7 33. Kh2 Rb5 34.
Qa6 Qb8 35. Qa3 Qb6 36. Qc3 Qb7 37. Bf3 Qb8 38. Kg2 Qb7 39. Rc4 Qe7 40. Rf4 Qd6
41. h4 Qe7 42. Rd4 Qb7 43. h5 Qe7 44. Rf4 Qd7 45. Rh4 Qe7 46. Rd4 Qb7 47. Bg4
Qd7 48. Bxe6 Qxe6 49. Rf4 Rb7 50. Qd4 Rc7 51. Rg4 f6 52. Rf4 Qd6 53. Rf5 Rd7 54.
b5 Qe6 55. g4 Kf7 56. Rf4 Qb6 57. Qb4 Qd6 58. Qa5 Qb6 59. Qb4 Qd6 60. Qa4 Qb6
61. Rd4 Qc5 62. Qa6 Qb6 63. Qxb6 axb6 64. Ra4 Ke6 65. Ra6 Rd6 66. Kf3 f5 67. Ra7
Kf6 68. gxf5 d4 69. exd4 Rd5 70. Ke4 Rxb5 71. Rb7 Rb1 72. f3 b5 73. Rb6+ Kf7 74.
Rb7+ Kf6 75. Rb6+ Kf7 76. Ke5 Re1+ 77. Kf4 Rb1 78. Rb7+ Kf6 79. Rb6+ Kf7 80. Ke5
Re1+ 81. Kd5 Re3 82. Rxb5 Rxf3 83. Ke5 Re3+ 84. Kf4 Rd3 85. Ke4 Rd1 86. d5 Re1+
87. Kf4 Kf6 88. Rb6+ Kf7 89. Re6 Rd1 90. d6 Rd2 91. Ke3 Rd1 92. Ke4 Rd2 93. Ke5
Rd1 94. Re7+ Kf8 95. Ra7 Re1+ 96. Kd5 Rd1+ 97. Ke6 Re1+ 98. Kd7 Rf1 99. Ra5 Kf7
100. Kc6 Rc1+ 101. Rc5 Re1 102. d7 1-0

[Event "IMSA Blitz w 2016"]
[Site "Huai'an CHN"]
[Date "2016.02.28"]
[Round "10.5"]
[White "Socko, Monika"]
[Black "Mkrtchian, Lilit"]
[Result "0-1"]
[WhiteTitle "GM"]
[BlackTitle "IM"]
[WhiteElo "2448"]
[BlackElo "2434"]
[WhiteFideId "1106619"]
[BlackFideId "13300601"]
[EventDate "2016.02.28"]

1. d4 Nf6 2. c4 e6 3. Nf3 b6 4. g3 Ba6 5. Qb3 d5 6. cxd5 Qxd5 7. Qxd5 Nxd5 8. a3
Nd7 9. e4 Bxf1 10. Kxf1 N5f6 11. Nc3 Be7 12. Kg2 c5 13. Be3 O-O 14. Rhd1 c4 15.
d5 exd5 16. e5 Ne4 17. Nxd5 Bc5 18. Rac1 b5 19. Nc7 Rad8 20. Nxb5 Bxe3 21. fxe3
Nb6 22. Nd6 Nxd6 23. exd6 Rfe8 24. Kf2 Re6 25. a4 a5 26. d7 Rxd7 27. Rxd7 Nxd7
28. Rxc4 Kf8 29. Rc8+ Ke7 30. Ra8 Rb6 31. Rxa5 Rxb2+ 32. Ke1 Nb6 33. Ra7+ Kf6
34. a5 Nd5 35. Ra6+ Ke7 36. e4 Nb4 37. Ra7+ Ke6 38. a6 Ra2 39. h4 Rxa6 40. Ng5+
Kf6 41. Rxf7+ Kg6 42. Rb7 Nd3+ 43. Kd2 Ne5 44. Re7 Ng4 45. e5 Ra2+ 46. Kc3 Ra3+
47. Kd4 Rxg3 48. Ne6 Kh5 49. Nxg7+ Kg6 50. h5+ Kg5 51. h6 Rg1 52. e6 Nf6 53. Rf7
Rd1+ 54. Kc4 Kg6 55. Rf8 Re1 56. Kc5 Kxh6 57. e7 Kxg7 58. Kd6 Ne4+ 59. Kd7 Nf6+
60. Kd6 Rd1+ 61. Ke6 Re1+ 62. Kd6 Rd1+ 63. Ke6 Re1+ 64. Kd6 h5 65. Rb8 h4 66.
Rb3 Kf7 67. Rh3 Rd1+ 68. Ke5 Re1+ 69. Kf5 Re4 70. Kg5 Re5+ 71. Kf4 Re4+ 72. Kg5
Re5+ 73. Kf4 Rh5 74. Re3 Nd5+ 75. Kg4 Nxe3+ 0-1

[Event "IMSA Blitz w 2016"]
[Site "Huai'an CHN"]
[Date "2016.02.28"]
[Round "10.8"]
[White "Zhao, Xue"]
[Black "Paehtz, Elisabeth"]
[Result "1/2-1/2"]
[WhiteTitle "GM"]
[BlackTitle "IM"]
[WhiteElo "2506"]
[BlackElo "2472"]
[WhiteFideId "8601283"]
[BlackFideId "4641833"]
[EventDate "2016.02.28"]

1. Nf3 d5 2. d4 Nf6 3. c4 c6 4. Nc3 a6 5. a4 e6 6. g3 a5 7. Bg2 Na6 8. O-O Be7
9. Ne5 O-O 10. Bf4 Nb4 11. Qd2 b6 12. Rfe1 Ba6 13. b3 Nd7 14. cxd5 cxd5 15. e4
Nxe5 16. Bxe5 Nd3 17. exd5 Nxe1 18. Rxe1 Bb4 19. dxe6 fxe6 20. Bxa8 Qxa8 21. Qg5
Qb7 22. Re3 Qf7 23. Rf3 Qg6 24. Qxg6 hxg6 25. Rxf8+ Kxf8 26. Nb5 Bb7 27. Bc7 Bd5
28. Bxb6 Bxb3 29. Nc7 Kf7 30. Na6 Bxa4 31. Nxb4 axb4 32. Ba5 b3 33. Bc3 Ke7 34.
Kf1 Kd6 35. Ke2 Kd5 36. Kd3 Bb5+ 37. Kd2 Kc4 38. Bb2 Bc6 39. Ke3 Bd5 40. Kd2 Be4
41. h4 Bc2 42. Ke3 Kd5 43. Bc3 Bf5 44. Bb2 Bc2 45. Kf4 Bd3 46. g4 Kc4 47. Ke5
Be2 48. Kxe6 Bxg4+ 49. Kf7 Bf5 50. Kxg7 Kd3 51. d5 Kc4 52. d6 Kd5 53. Ba3 Ke6
54. Kh6 b2 55. Bxb2 Kxd6 56. Kg5 Bb1 57. Kf6 Kd7 58. Ba3 Ke8 59. Kg7 Bc2 1/2-1/2

[Event "IMSA Blitz w 2016"]
[Site "Huai'an CHN"]
[Date "2016.02.29"]
[Round "11.1"]
[White "Paehtz, Elisabeth"]
[Black "Ju, Wenjun"]
[Result "0-1"]
[WhiteTitle "IM"]
[BlackTitle "GM"]
[WhiteElo "2472"]
[BlackElo "2558"]
[WhiteFideId "4641833"]
[BlackFideId "8603006"]
[EventDate "2016.02.28"]

1. e4 e5 2. Nf3 Nf6 3. Nc3 Nc6 4. d4 exd4 5. Nxd4 Bb4 6. Nxc6 bxc6 7. Bd3 d5 8.
exd5 cxd5 9. O-O O-O 10. Bg5 c6 11. h3 Be6 12. Qf3 Rb8 13. Na4 Be7 14. b3 h6 15.
Bf4 Bd6 16. Bxd6 Qxd6 17. Rfe1 c5 18. Rad1 Rfe8 19. Nc3 d4 20. Ne4 Nxe4 21. Qxe4
g6 22. Qe5 Qxe5 23. Rxe5 Rbc8 24. Rde1 Kg7 25. Bc4 Kf6 26. f4 g5 27. fxg5+ hxg5
28. R5e4 Rc7 29. Rf1+ Kg6 30. Bd3 Kg7 31. Rfe1 Kf6 32. Bc4 Rce7 33. Rf1+ Kg7 34.
Bb5 Rb8 35. Bd3 Rc8 36. Re5 f6 37. Re4 Rce8 38. Bb5 Bd7 39. Rxe7+ Rxe7 40. Bxd7
Rxd7 41. Re1 Kf7 42. Kf2 Rd5 43. g4 d3 44. cxd3 Rxd3 45. Rc1 Rxh3 46. Kg2 Rd3
47. Rxc5 Rd2+ 48. Kf3 Rxa2 49. Rb5 Kg6 50. Kg3 Ra3 51. Kf3 a6 52. Rb6 a5 53. Ke4
Ra2 54. Kf3 Rb2 55. Rb5 Ra2 56. Ke4 Ra3 57. Rb6 Ra1 58. Kf3 Rf1+ 59. Kg3 Rb1 60.
Rb5 Ra1 61. Kf3 Ra2 62. Ke4 Rf2 63. Rxa5 Rf4+ 64. Ke3 Rxg4 65. Ra3 Rb4 66. Kd3
g4 67. Kc3 Rb8 68. b4 f5 69. Kc4 f4 70. b5 f3 71. Kc5 f2 72. Ra1 g3 73. b6 g2 0-1

[Event "IMSA Blitz w 2016"]
[Site "Huai'an CHN"]
[Date "2016.02.29"]
[Round "11.2"]
[White "Lagno, Kateryna"]
[Black "Zhao, Xue"]
[Result "1-0"]
[WhiteTitle "GM"]
[BlackTitle "GM"]
[WhiteElo "2529"]
[BlackElo "2506"]
[WhiteFideId "14109336"]
[BlackFideId "8601283"]
[EventDate "2016.02.28"]

1. e4 b6 2. d4 e6 3. Bd3 d5 4. c3 Nf6 5. e5 Nfd7 6. Ne2 Ba6 7. Bxa6 Nxa6 8. Nd2
c5 9. Nf3 Qc7 10. Qd3 Nab8 11. O-O Nc6 12. Bd2 c4 13. Qc2 Be7 14. Nf4 O-O 15.
Nh5 g6 16. Ng3 f6 17. exf6 Bxf6 18. Rae1 Rae8 19. Re2 e5 20. dxe5 Ndxe5 21. Nxe5
Rxe5 22. Bf4 Rxe2 23. Nxe2 Be5 24. Bg3 Bxg3 25. hxg3 Qe5 26. Qd2 Re8 27. Nf4 d4
28. cxd4 Qxd4 29. Qc2 Qe4 30. Qc3 b5 31. Rd1 b4 32. Qf6 Ne5 33. f3 Qb7 34. Rd8
Rxd8 35. Qxd8+ Kf7 36. Nd5 Qc6 37. Qe7+ Kg8 38. Nf6+ 1-0

[Event "IMSA Blitz w 2016"]
[Site "Huai'an CHN"]
[Date "2016.02.29"]
[Round "11.7"]
[White "Harika, Dronavalli"]
[Black "Khotenashvili, Bela"]
[Result "1-0"]
[WhiteTitle "GM"]
[BlackTitle "GM"]
[WhiteElo "2511"]
[BlackElo "2502"]
[WhiteFideId "5015197"]
[BlackFideId "13602640"]
[EventDate "2016.02.28"]

1. d4 c5 2. d5 g6 3. c4 Bg7 4. Nf3 d6 5. g3 Nf6 6. Nc3 O-O 7. Bg2 e6 8. O-O exd5
9. cxd5 a6 10. a4 Re8 11. Bf4 Qe7 12. Re1 Nbd7 13. Rb1 Nh5 14. Bg5 Qf8 15. Bd2
h6 16. Qc1 f5 17. b4 Nhf6 18. Nh4 Kh7 19. e4 cxb4 20. Rxb4 Nc5 21. exf5 Rxe1+
22. Qxe1 gxf5 23. Qb1 Ng8 24. Bh3 Ne7 25. Rf4 Be5 26. Rf3 Kh8 27. Nxf5 Nxf5 28.
Bxf5 Bxf5 29. Rxf5 Qg7 30. Ne4 Rc8 31. Nxc5 Rxc5 32. Qe4 b5 33. axb5 axb5 34.
Rh5 Kg8 35. Rxh6 Rc4 36. Qf5 Qf7 37. Rg6+ Kf8 38. Bh6+ Ke8 39. Re6+ 1-0

[Event "IMSA Blitz w 2016"]
[Site "Huai'an CHN"]
[Date "2016.02.29"]
[Round "11.8"]
[White "Gunina, Valentina"]
[Black "Dzagnidze, Nana"]
[Result "1-0"]
[WhiteTitle "GM"]
[BlackTitle "GM"]
[WhiteElo "2496"]
[BlackElo "2529"]
[WhiteFideId "4167570"]
[BlackFideId "13601903"]
[EventDate "2016.02.28"]

1. d4 Nf6 2. c4 e6 3. Nf3 b6 4. g3 Bb7 5. Bg2 Bb4+ 6. Bd2 Be7 7. O-O O-O 8. Qc2
c5 9. dxc5 bxc5 10. Nc3 d6 11. Rad1 a6 12. Bg5 Nbd7 13. b3 h6 14. Bc1 Qc7 15.
Bb2 Rfe8 16. Rd2 Bc6 17. Rfd1 Qb7 18. Ne1 Ne5 19. e4 Red8 20. Re2 Ne8 21. Nd3
Bf6 22. Nf4 g6 23. Nb1 Bg7 24. Nd2 a5 25. a4 Rab8 26. Bc3 Qb6 27. h3 Nc7 28. Nd3
Na6 29. f4 Nxd3 30. Qxd3 Nb4 31. Qf3 f5 32. Bxg7 Kxg7 33. Qc3+ Kf7 34. exf5 gxf5
35. Rde1 Re8 36. Bf3 Bxf3 37. Qxf3 Nc2 38. Qh5+ Kg7 39. Rxe6 1-0

[Event "IMSA Blitz w 2016"]
[Site "Huai'an CHN"]
[Date "2016.02.29"]
[Round "12.1"]
[White "Ju, Wenjun"]
[Black "Dzagnidze, Nana"]
[Result "1-0"]
[WhiteTitle "GM"]
[BlackTitle "GM"]
[WhiteElo "2558"]
[BlackElo "2529"]
[WhiteFideId "8603006"]
[BlackFideId "13601903"]
[EventDate "2016.02.28"]

1. c4 e5 2. Nc3 Nc6 3. g3 g6 4. Bg2 Bg7 5. e4 d6 6. d3 f5 7. Nge2 Nf6 8. O-O O-O
9. h3 Be6 10. Nd5 Qd7 11. Kh2 Kh8 12. Be3 Nd8 13. Rc1 c6 14. Nxf6 Bxf6 15. d4
fxe4 16. d5 Bg8 17. Nc3 c5 18. Nxe4 Bg7 19. Qd2 Nf7 20. h4 h6 21. b4 cxb4 22.
Qxb4 b6 23. a4 Bh7 24. a5 bxa5 25. Qxa5 g5 26. hxg5 hxg5 27. Nxg5 Nxg5 28. Bxg5
Qg4 29. Be3 Rf5 30. Kg1 Rh5 31. Qd2 Rf8 32. Qd1 Qg6 33. Ra1 Bh6 34. Bxh6 Qxh6
35. Rxa7 Rh2 36. Qg4 Bf5 37. Qe2 Rxg2+ 38. Kxg2 Qh3+ 39. Kg1 Bg4 40. f3 Bh5 41.
Qh2 Qf5 42. g4 Qg5 43. Qxh5+ 1-0

[Event "IMSA Blitz w 2016"]
[Site "Huai'an CHN"]
[Date "2016.02.29"]
[Round "12.2"]
[White "Khotenashvili, Bela"]
[Black "Gunina, Valentina"]
[Result "0-1"]
[WhiteTitle "GM"]
[BlackTitle "GM"]
[WhiteElo "2502"]
[BlackElo "2496"]
[WhiteFideId "13602640"]
[BlackFideId "4167570"]
[EventDate "2016.02.28"]

1. d4 d5 2. Nf3 Nf6 3. Bg5 Ne4 4. Bf4 Bf5 5. e3 e6 6. h3 Bd6 7. Bxd6 Qxd6 8.
Nbd2 O-O 9. Bd3 Nxd2 10. Qxd2 Bxd3 11. Qxd3 Qb4+ 12. Qc3 Qxc3+ 13. bxc3 Nd7 14.
Rb1 b6 15. Rb3 c5 16. dxc5 Nxc5 17. Ra3 Rfc8 18. Nd2 b5 19. Ke2 Na4 20. Kd3 Rc5
21. h4 Rac8 22. Nb1 Rc4 23. h5 h6 24. f3 a5 25. Kd2 f6 26. Rb3 b4 27. a3 bxc3+
28. Ke2 Kf7 29. Rb7+ R8c7 30. Rb5 R4c5 31. Rb8 e5 32. Rh4 Nb2 33. Nxc3 Rxc3 34.
Rxb2 Rxc2+ 35. Rxc2 Rxc2+ 36. Kd3 Rc5 37. Rh1 Rb5 38. Rc1 Rb3+ 39. Ke2 Rxa3 40.
Rc7+ Kg8 41. Rd7 Ra2+ 42. Kf1 a4 43. Rxd5 a3 44. Ra5 Kf7 45. Ra6 Ke7 46. e4 Kd7
47. Ra7+ Kc6 48. Rxg7 Rb2 49. Ra7 a2 0-1

[Event "IMSA Blitz w 2016"]
[Site "Huai'an CHN"]
[Date "2016.02.29"]
[Round "12.4"]
[White "Socko, Monika"]
[Black "Huang, Qian"]
[Result "0-1"]
[WhiteTitle "GM"]
[BlackTitle "WGM"]
[WhiteElo "2448"]
[BlackElo "2450"]
[WhiteFideId "1106619"]
[BlackFideId "8602689"]
[EventDate "2016.02.28"]

1. d4 d5 2. c4 dxc4 3. e3 c5 4. Bxc4 Nf6 5. Nf3 cxd4 6. exd4 e6 7. O-O Be7 8.
Nc3 O-O 9. d5 exd5 10. Nxd5 Nxd5 11. Bxd5 Nc6 12. Bf4 Qa5 13. Be4 Bf6 14. Qc2 h6
15. a3 Be6 16. Rad1 Rac8 17. Qb1 Rfd8 18. h3 Qb6 19. b4 Nd4 20. Nxd4 Bxd4 21.
Bf3 Bc4 22. Qe4 Bxf1 23. Rxf1 Rc3 24. Qf5 Rxa3 25. Be4 g6 26. Qg4 Bg7 27. Bc1
Rb3 28. Qe2 Qxb4 29. Bc2 Rc3 30. Qe1 Qc5 31. Bb1 b6 32. Bf4 a5 33. Ba2 Rc2 34.
Bb3 Rb2 35. Ba4 Qb4 36. Qa1 Qxf4 37. Qa3 Qb4 38. Qg3 Qxa4 39. Qc7 Qd7 40. Qc4 b5
41. Qc5 a4 42. Re1 b4 43. Re7 Qd1+ 44. Kh2 Qd6+ 45. Qxd6 Rxd6 0-1

[Event "IMSA Blitz w 2016"]
[Site "Huai'an CHN"]
[Date "2016.02.29"]
[Round "12.7"]
[White "Zhao, Xue"]
[Black "Tan, Zhongyi"]
[Result "1-0"]
[WhiteTitle "GM"]
[BlackTitle "WGM"]
[WhiteElo "2506"]
[BlackElo "2504"]
[WhiteFideId "8601283"]
[BlackFideId "8603642"]
[EventDate "2016.02.28"]

1. Nf3 Nf6 2. c4 e6 3. g3 d5 4. b3 c5 5. cxd5 exd5 6. Bg2 Nc6 7. O-O d4 8. e3
Be7 9. exd4 Nxd4 10. Nxd4 Qxd4 11. Nc3 O-O 12. Re1 Re8 13. Bb2 Bg4 14. Qc2 Rad8
15. Nd5 Bf5 16. Qc1 Qd3 17. Nxe7+ Rxe7 18. Rxe7 Ne4 19. Bxe4 Bxe4 20. Qc3 Qxc3
21. Bxc3 Bc6 22. Rae1 h5 23. h4 Rd5 24. R7e5 Rd7 25. Rxh5 f6 26. Rxc5 1-0

[Event "IMSA Blitz w 2016"]
[Site "Huai'an CHN"]
[Date "2016.02.29"]
[Round "12.8"]
[White "Paehtz, Elisabeth"]
[Black "Lagno, Kateryna"]
[Result "0-1"]
[WhiteTitle "IM"]
[BlackTitle "GM"]
[WhiteElo "2472"]
[BlackElo "2529"]
[WhiteFideId "4641833"]
[BlackFideId "14109336"]
[EventDate "2016.02.28"]

1. d4 Nf6 2. Nf3 g6 3. Bg5 Bg7 4. Nbd2 c5 5. e3 d6 6. c3 O-O 7. Be2 b6 8. O-O
Ba6 9. Bxa6 Nxa6 10. Qe2 Nc7 11. e4 cxd4 12. Nxd4 Qd7 13. Rad1 Ne6 14. Nxe6 Qxe6
15. a3 Nd7 16. Nf3 Nc5 17. Rfe1 Rac8 18. Nd4 Qd7 19. Qb5 Qb7 20. Qe2 a6 21. Qf3
b5 22. Re2 a5 23. Nc2 Na4 24. Ne3 e6 25. Rxd6 b4 26. axb4 axb4 27. cxb4 Nxb2 28.
Re1 Qxb4 29. Rdd1 Nxd1 30. Rxd1 Qb5 31. Bf6 h5 32. e5 Bxf6 33. exf6 Rfd8 34. Re1
Qg5 35. g3 h4 36. Kg2 Rd2 37. Ng4 Qd5 38. Ne5 Rcc2 39. Ng4 h3+ 0-1

[Event "IMSA Blitz w 2016"]
[Site "Huai'an CHN"]
[Date "2016.02.29"]
[Round "13.1"]
[White "Lagno, Kateryna"]
[Black "Ju, Wenjun"]
[Result "1/2-1/2"]
[WhiteTitle "GM"]
[BlackTitle "GM"]
[WhiteElo "2529"]
[BlackElo "2558"]
[WhiteFideId "14109336"]
[BlackFideId "8603006"]
[EventDate "2016.02.28"]

1. e4 e5 2. Nf3 Nf6 3. Nc3 Nc6 4. Be2 d5 5. exd5 Nxd5 6. O-O Nxc3 7. bxc3 Bd6 8.
d4 O-O 9. Rb1 e4 10. Nd2 f5 11. Nc4 f4 12. Nxd6 cxd6 13. Re1 d5 14. c4 Be6 15.
Rxb7 dxc4 16. d5 Bxd5 17. Bb2 Ne7 18. Rxe7 Qxe7 19. Qxd5+ Kh8 20. Bxc4 Rad8 21.
Qe5 Qxe5 22. Bxe5 Rd2 23. Bb3 e3 24. fxe3 fxe3 25. Bc3 Rdf2 26. Bc4 Rc8 27. Rxe3
Rxc2 28. h4 h6 29. Bxg7+ Kxg7 30. Bb3 Rb2 31. Re7+ Kf6 32. Rxa7 Rc3 33. Ra6+ Kg7
34. Ra7+ Kg6 35. Ra6+ Kh5 36. Bf7+ Kxh4 37. Rxh6+ Kg5 38. Rg6+ Kf5 39. Rg8 Rc7
40. Bb3 Rb7 41. Rf8+ Kg6 42. Rg8+ Kf6 43. Rf8+ Kg6 44. Rf2 R2xb3 45. axb3 Rxb3 1/2-1/2

[Event "IMSA Blitz w 2016"]
[Site "Huai'an CHN"]
[Date "2016.02.29"]
[Round "13.2"]
[White "Tan, Zhongyi"]
[Black "Paehtz, Elisabeth"]
[Result "1-0"]
[WhiteTitle "WGM"]
[BlackTitle "IM"]
[WhiteElo "2504"]
[BlackElo "2472"]
[WhiteFideId "8603642"]
[BlackFideId "4641833"]
[EventDate "2016.02.28"]

1. Nf3 d5 2. d4 Nf6 3. c4 c6 4. Nc3 a6 5. c5 Nbd7 6. Bf4 Nh5 7. Bd2 g6 8. e4
dxe4 9. Nxe4 Ndf6 10. Nc3 Nd5 11. Bc4 Nhf6 12. Ne5 Bg7 13. O-O O-O 14. Re1 Be6
15. Qb3 Rb8 16. Rad1 Qc8 17. Bg5 Rd8 18. Bc1 b5 19. cxb6 Rxb6 20. Qc2 Nxc3 21.
bxc3 Bd5 22. Ba3 Re8 23. Bc5 Rb8 24. Qe2 Bxc4 25. Qxc4 Nd5 26. h3 Qb7 27. Nd3
Qb5 28. Qxb5 cxb5 29. Rc1 Rbc8 30. a3 e6 31. Nb4 Nxb4 32. axb4 Red8 33. Re2 Rc6
34. Rce1 Bf6 35. g3 h5 36. Kg2 Kg7 37. f4 Rd7 38. Kf3 Bd8 39. Ra2 Be7 40. Rea1
Bxc5 41. bxc5 Ra7 42. Ra5 Kf6 43. Rxb5 Ke7 44. Rb6 Kd7 45. Ke4 a5 46. Ra4 Rxb6
47. cxb6 Ra6 48. c4 Rxb6 49. Rxa5 Rb3 50. Ra7+ Ke8 51. c5 Rxg3 52. Ke5 Rd3 53.
c6 Rd1 54. Ra8+ Ke7 55. Ra7+ Ke8 56. f5 gxf5 57. Ra8+ Ke7 58. c7 Rf1 59. d5 f6+
60. Kd4 Rd1+ 61. Ke3 f4+ 62. Kxf4 1-0